| 000 -LEADER |
| fixed length control field |
00417cam a22001337a 4500 |
| 008 - FIXED-LENGTH DATA ELEMENTS--GENERAL INFORMATION |
| fixed length control field |
180718b1947 xxu||||| |||| 00| 0 eng d |
| 082 ## - DEWEY DECIMAL CLASSIFICATION NUMBER |
| Classification number |
T394x42 R917 |
| 100 ## - MAIN ENTRY--PERSONAL NAME |
| Personal name |
Russell, Ronald S. |
| 245 ## - TITLE STATEMENT |
| Title |
Imperial preference: its development and effects |
| Statement of responsibility, etc. |
by Ronald S. Russell |
| 260 ## - PUBLICATION, DISTRIBUTION, ETC. |
| Place of publication, distribution, etc. |
London |
| Name of publisher, distributor, etc. |
The Falcon Press |
| Date of publication, distribution, etc. |
1947 |
| 300 ## - PHYSICAL DESCRIPTION |
| Extent |
167p. |
| 650 ## - SUBJECT ADDED ENTRY--TOPICAL TERM |
| Topical term or geographic name entry element |
Great Britain --Colonies --Commerce |
| 650 ## - SUBJECT ADDED ENTRY--TOPICAL TERM |
| Topical term or geographic name entry element |
Imperial preference |